Statistiques concernant Personnages de Nintendo

Cliquez ici pour prendre le quiz!

Statistiques générales

  • Ce quiz a été pris 640 fois
  • Le résultat moyen est 36 sur 63

Statistiques - réponses

LicencePersonnage% Correct
Super MarioMario
97%
PokémonPikachu
96%
Super MarioLuigi
93%
Super MarioPeach
89%
The Legend of ZeldaZelda
89%
The Legend of ZeldaLink
88%
KirbyKirby
87%
Donkey KongDonkey Kong
85%
Yoshi GamesYoshi
84%
Wario GamesWario
81%
Super MarioBowser
80%
PAC-MANPac-Man
74%
Star FoxFox
72%
Sonic the HedgehogSonic
71%
PokémonDracaufeu
70%
Donkey KongDiddy Kong
69%
Mega ManMega Man
68%
The Legend of ZeldaGanondorf
66%
MetroidSamus
66%
BayonettaBayonetta
63%
PokémonCarapuce
60%
Star FoxFalco
60%
KirbyRoi DaDiDou
58%
Kid IcarusPit
55%
MotherNess
54%
PikminOlimar
54%
Street FighterRyu
54%
Metal GearSnake
53%
F-ZeroCaptain Falcon
51%
MotherLucas
51%
KirbyMeta Knight
51%
Fire EmblemMarth
50%
PokémonMewtwo
50%
Animal CrossingVillageois
50%
Final FantasyCloud
49%
Ice ClimbersIce Climbers
49%
WiiMii
49%
PokémonLucario
48%
The Legend of ZeldaSheik
48%
Kid IcarusPalutena
47%
PokémonRondoudou
47%
Fire EmblemIke
46%
The Legend of ZeldaLink Cartoon
46%
Accessoire NESR.O.B.
46%
Star FoxWolf
46%
PokémonAmphinobi
45%
Fire EmblemLucina
45%
MetroidSamus sans armure
45%
Super MarioBowser Jr
44%
PokémonPichu
44%
Fire EmblemRoy
44%
Wii FitEntraîneuse Wii Fit
43%
The Legend of ZeldaLink Enfant
43%
PokémonHerbizarre
41%
Punch-Out !!Little Mac
41%
Game & WatchMr Game & Watch
40%
Kid IcarusPit maléfique
40%
Duck HuntDuo Duck Hunt
39%
Xenoblade ChroniclesShulk
37%
Super MarioHarmonie
35%
Fire EmblemDaraen
28%
Super MarioDr Mario
27%
Fire EmblemCorrin
26%

Distribution des résultats

Percentile par nombre de réponses

% des personnes avec chaque résultat

Votre développement - résultats

Vous n’avez pas pris ce quiz